| 000 | 00372nam a2200157Ia 4500 | ||
|---|---|---|---|
| 100 | _aRao/Aditham B | ||
| 650 | _aNumerical ability | ||
| 942 | _cBK | ||
| 366 | _f28 | ||
| 654 | _anumerical ability | ||
| 245 | _aNumerical ability and mathematical aptitude | ||
| 260 |
_bJaico Publishing House _c2015 |
||
| 082 | _bRAO | ||
| 300 | _a428 | ||
| 546 |
_aENGLISH _cComputers |
||
| 999 |
_c35160 _d35160 |
||